Camilon, comilon / (Record no. 27038)

MARC details
000 -LEADER
fixed length control field 01473nam a2200373Ka 4500
001 - CONTROL NUMBER
control field 298895896
003 - CONTROL NUMBER IDENTIFIER
control field OCoLC
005 - DATE AND TIME OF LATEST TRANSACTION
control field 20230217134549.0
008 - FIXED-LENGTH DATA ELEMENTS--GENERAL INFORMATION
fixed length control field 090120t20081989sp a b 000 1 spa d
020 ## - INTERNATIONAL STANDARD BOOK NUMBER
International Standard Book Number 8434827034 (pbk.)
020 ## - INTERNATIONAL STANDARD BOOK NUMBER
International Standard Book Number 9788434827035 (pbk.)
040 ## - CATALOGING SOURCE
Original cataloging agency JTH
Language of cataloging eng
Transcribing agency JTH
041 1# - LANGUAGE CODE
Language code of text/sound track or separate title spa
Language code of original por
100 1# - MAIN ENTRY--PERSONAL NAME
Personal name Machado, Ana Maria,
Dates associated with a name 1941-
Relator term author.
240 10 - UNIFORM TITLE
Uniform title <a href="Camila o Camilao">Camila o Camilao</a>
Language of a work Spanish.
245 10 - TITLE STATEMENT
Title Camilon, comilon /
Statement of responsibility, etc. Ana Maria Machado ; ilustraciones de Gusti ; [traduccion, Manuel Barbadillo].
250 ## - EDITION STATEMENT
Edition statement 33a. ed.
260 ## - PUBLICATION, DISTRIBUTION, ETC. (IMPRINT)
Place of publication, distribution, etc. Madrid :
Name of publisher, distributor, etc. Ediciones SM,
Date of publication, distribution, etc. 2004, c1987.
300 ## - PHYSICAL DESCRIPTION
Extent 59 p. :
Other physical details col. ill. ;
Dimensions 19 cm.
490 1# - SERIES STATEMENT
Series statement Barco de vapor ;
Volume/sequential designation 27.
500 ## - GENERAL NOTE
General note Original title: Camila o Camilao.
520 ## - SUMMARY, ETC.
Summary, etc. Camilon, the gluttonous little pig asks all his friends for food, but it's not just for him.
520 ## - SUMMARY, ETC.
Summary, etc. "El comilon de Camilob tiene hambre. Asi que empieza a pedir comida para llenar su cesta. Y cuando la tenga repleta, Que hara?" -- Provided by publisher.
521 0# - TARGET AUDIENCE NOTE
Target audience note "Primeros lectores"--P. [4] of cover.
586 ## - AWARDS NOTE
Awards note Manzana de Oro en Bratislava, 1990.
586 ## - AWARDS NOTE
Awards note Premio Nacional de Ilustracion, 1990.
650 #0 - SUBJECT ADDED ENTRY--TOPICAL TERM
Topical term or geographic name as entry element Swine
Form subdivision Juvenile fiction.
650 #7 - SUBJECT ADDED ENTRY--TOPICAL TERM
Topical term or geographic name as entry element Cerdos
Form subdivision Literatura juvenil.
Source of heading or term bidex.
655 #7 - INDEX TERM--GENRE/FORM
Genre/form data or focus term Spanish language materials.
Source of term local.
700 0# - ADDED ENTRY--PERSONAL NAME
Personal name Gusti,
Dates associated with a name 1963-
Relator term illustrator.
700 1# - ADDED ENTRY--PERSONAL NAME
Personal name Barbadillo, Manuel
Relator term translator.
830 #0 - SERIES ADDED ENTRY--UNIFORM TITLE
Uniform title Barco de vapor.
Name of part/section of a work Serie blanca ;
Volume number/sequential designation 27.
942 ## - ADDED ENTRY ELEMENTS (KOHA)
Koha item type Libro/Book
Holdings
Withdrawn status Lost status Damaged status Not for loan Home library Current library Date acquired Total Checkouts Full call number Barcode Checked out Date last seen Date checked out Price effective from Koha item type Inventory number
        Azul y Blanco -- Satellite Azul y Blanco -- Satellite 25/05/2022 1 JFI 35201598   30/01/2025 05/03/2024 25/05/2022 Libro/Book inventory date: 20-1-25
        Barbudos -- Satellite Barbudos -- Satellite 25/05/2022   JF 35802059   25/05/2022   25/05/2022 Libro/Book Inventory date: 7/7/25
        Barbudos -- Satellite Barbudos -- Satellite 24/05/2024   JFI 35802088   24/05/2024   24/05/2024 Libro/Book Inventory date: 7/7/25
        Capulin -- Satellite Capulin -- Satellite 25/05/2022   JF 35102083   25/05/2022   25/05/2022 Libro/Book Inventory date: 7/7/25
        Capulin -- Satellite Capulin -- Satellite 01/02/2023     35100375   01/02/2023   01/02/2023 Libro/Book Inventory date: 7/7/25
        Capulin -- Satellite Capulin -- Satellite 17/02/2023   JFI 35102120   17/02/2023   17/02/2023 Libro/Book Inventory date: 7/7/25
        Carrizal -- Satellite Carrizal -- Satellite 25/05/2022   JFI 3700469   25/05/2022   25/05/2022 Libro/Book Inventory date: 13-1-25
        Carrizal -- Satellite Carrizal -- Satellite 01/02/2023   JFI 3700194   01/02/2023   01/02/2023 Libro/Book Inventory date: 13-1-25
        Carrizal -- Satellite Carrizal -- Satellite 24/05/2024   JFI 3700504   24/05/2024   24/05/2024 Libro/Book Inventory date: 13-1-25
        Genizero -- Satellite Genizero -- Satellite 20/06/2022   JF 35602029   20/06/2022   20/06/2022 Libro/Book  
        Genizero -- Satellite Genizero -- Satellite 01/02/2023 1   35601760   28/04/2024 28/04/2024 01/02/2023 Libro/Book Inventory date: 7/7/25
        Genizero -- Satellite Genizero -- Satellite 17/02/2023   JFI 35602234   17/02/2023   17/02/2023 Libro/Book Inventory date: 7/7/25
        La Puerta Biblioteca -- Satellite La Puerta Biblioteca -- Satellite 06/02/2023 1   40302507 30/03/2023 23/02/2023 23/02/2023 06/02/2023 Libro/Book  
        Las Brisas 1 -- Satellite Las Brisas 1 -- Satellite 25/05/2022   JF 40002317   25/05/2022   25/05/2022 Libro/Book Inventory date: 7/4/25
        Las Brisas 1 -- Satellite Las Brisas 1 -- Satellite 06/11/2024   JFI 40002292   06/11/2024   06/11/2024 Libro/Book  
        Las Brisas 2 -- Satellite Las Brisas 2 -- Satellite 25/05/2022   JF 40102437   25/05/2022   25/05/2022 Libro/Book Inventory date: 7/4/25
        Las Brisas 2 -- Satellite Las Brisas 2 -- Satellite 06/11/2024   JFI 40102292   06/11/2024   06/11/2024 Libro/Book  
        Las Marias -- Satellite Las Marias -- Satellite 24/05/2024 1 JFI 3600488   16/10/2024 16/10/2024 24/05/2024 Libro/Book inventory date: 31/1/25
        Las Pampas -- Satellite Las Pampas -- Satellite 25/05/2022   JFI 35702230   25/05/2022   25/05/2022 Libro/Book inventory date: 17-1-25
        Las Pampas -- Satellite Las Pampas -- Satellite 17/02/2023   JFI 35702235   17/02/2023   17/02/2023 Libro/Book inventory date: 17-1-25
        Monte Cristo -- Satellite Monte Cristo -- Satellite 25/05/2022   JF 40202440   25/05/2022   25/05/2022 Libro/Book  
        Monte Cristo -- Satellite Monte Cristo -- Satellite 06/11/2024   JFI 40202310   06/11/2024   06/11/2024 Libro/Book  
        San Jeronimo -- Satellite San Jeronimo -- Satellite 25/05/2022   JF 35902437   25/05/2022   25/05/2022 Libro/Book inventory date: 14-1-25
        Sevadilla -- Satellite Sevadilla -- Satellite 25/05/2022 1 JF 35402227   04/11/2024 11/10/2024 25/05/2022 Libro/Book Inventory date: 7/7/25
        San Juan Del Sur -- Mobile Tortuga 25/05/2022 2 JF 30029532 20/03/2024 14/02/2024 14/02/2024 25/05/2022 Libro/Book  
        Zaragoza -- Satellite Zaragoza 17/02/2023 2 JFI 35502067   27/04/2024 21/02/2024 17/02/2023 Libro/Book  
        Zaragoza -- Satellite Zaragoza -- Satellite 25/05/2022   JF 35502227   25/05/2022   25/05/2022 Libro/Book  

Powered by Koha